[Event "34th Chess Olympiad (men)"]
[Site "Istanbul"]
[Date "2000.10.29"]
[Round "2.50.3"]
[White "Bintafrit, Sameer"]
[Black "Elkuch, Harald"]
[WhiteElo "2285"]
[BlackElo "2126"]
[WhiteCountry "MAR"]
[BlackCountry "LIE"]
[Result "1-0"]

1. e4 c5 2. Nf3 d6 3. d4 cxd4 4. Nxd4 Nf6 5. Nc3 a6 6. Bc4 e6 7. Bb3 Be7 
8. Be3 b5 9. g4 b4 10. Na4 Nxe4 11. Nb6 Qxb6 12. Nxe6 Qxe3+ 13. fxe3 fxe6 
14. Qd4 d5 15. O-O Nf6 16. g5 a5 17. gxf6 Bxf6 18. Qxf6 Rg8 19. Kh1 a4 
20. Rae1 Ra7 21. Bxa4+ Rxa4 22. Qf7+ Kd8 23. Qxg8+ Kc7 24. Rf8 
1-0

[Event "34th Chess Olympiad (men)"]
[Site "Istanbul"]
[Date "2000.10.29"]
[Round "2.50.4"]
[White "Mundle, Kurt"]
[Black "Mokhils, Eladnani"]
[WhiteElo "2000"]
[BlackElo "2000"]
[WhiteCountry "LIE"]
[BlackCountry "MAR"]
[Result "0-1"]

1. d4 Nf6 2. Nf3 g6 3. c4 Bg7 4. Nc3 O-O 5. e4 d6 6. Be2 e5 7. d5 Nbd7 
8. Be3 h6 9. Nd2 Ne8 10. O-O f5 11. f3 f4 12. Bf2 h5 13. b4 Rf7 14. c5 g5 
15. c6 bxc6 16. dxc6 Nf8 17. Bc4 Be6 18. Nd5 g4 19. Qe1 Ng6 20. a4 Bh6 
21. Ra3 Kh8 22. a5 Rg7 23. Rd3 g3 24. hxg3 fxg3 25. Bxg3 Bxd5 26. exd5 Nf4 
27. Rb3 Nf6 28. Ne4 Qe7 29. Nxf6 Qxf6 30. Kh2 Rag8 31. Bxf4 Rg6 32. g3 Rxg3 
33. Kh1 Qxf4 
0-1

[Event "34th Chess Olympiad (men)"]
[Site "Istanbul"]
[Date "2000.10.29"]
[Round "2.51.1"]
[White "Moussa, Othman"]
[Black "Dos Ramos, Carlos"]
[WhiteElo "2375"]
[BlackElo "2000"]
[WhiteCountry "UAE"]
[BlackCountry "SUR"]
[Result "1-0"]

1. d4 Nf6 2. c4 g6 3. Nc3 Bg7 4. e4 d6 5. f3 Nbd7 6. Nh3 e5 7. Be3 a6 
8. Be2 O-O 9. O-O Re8 10. Qd2 Nf8 11. Nf2 h5 12. d5 Kh7 13. Rac1 Qe7 14. Nd3 b6 
15. b4 N6d7 16. c5 bxc5 17. bxc5 f5 18. cxd6 cxd6 19. Na4 f4 20. Bf2 h4 
21. Rc7 Qg5 22. Kh1 Nf6 23. Nb6 Nh5 24. Nxa8 Ng3+ 25. Bxg3 Qxg3 26. Qe1 Nd7 
27. Qxg3 hxg3 28. hxg3 fxg3 29. Rfc1 Rh8 30. Rxc8 Nf8 31. R1c7 Kg8+ 32. Kg1 Bh6 
33. f4 exf4 34. Bg4 f3 35. Be6# 
1-0

[Event "34th Chess Olympiad (men)"]
[Site "Istanbul"]
[Date "2000.10.29"]
[Round "2.51.2"]
[White "Siban, Michael"]
[Black "Saleh, Jasim"]
[WhiteElo "2000"]
[BlackElo "2356"]
[WhiteCountry "SUR"]
[BlackCountry "UAE"]
[Result "0-1"]

1. d4 g6 2. e4 Bg7 3. Nc3 d6 4. Be3 c6 5. Qd2 Nd7 6. f3 b5 7. a3 a6 8. Nge2 Nb6 
9. Ng3 Qc7 10. Be2 h5 11. h3 Nf6 12. Rf1 Bb7 13. Bd3 c5 14. dxc5 dxc5 
15. Qf2 Nfd7 16. Nd1 Na4 17. Rb1 c4 18. Be2 Rd8 19. Bd2 O-O 20. Nc3 Ndc5 
21. Nh1 Rxd2 22. Kxd2 Rd8+ 23. Nd5 Rxd5+ 24. Bd3 cxd3 
0-1

[Event "34th Chess Olympiad (men)"]
[Site "Istanbul"]
[Date "2000.10.29"]
[Round "2.51.3"]
[White "Abdullah, Mansour"]
[Black "Matoewi, Roger"]
[WhiteElo "2290"]
[BlackElo "2000"]
[WhiteCountry "UAE"]
[BlackCountry "SUR"]
[Result "1/2-1/2"]

1. e4 c5 2. Nf3 d6 3. Be2 Nc6 4. Bb5 Bd7 5. Bxc6 Bxc6 6. c4 Nf6 7. Nc3 g6 
8. O-O Bg7 9. Nd4 O-O 10. h3 Bd7 11. Rb1 a6 12. Nb3 Qa5 
1/2-1/2

[Event "34th Chess Olympiad (men)"]
[Site "Istanbul"]
[Date "2000.10.29"]
[Round "2.51.4"]
[White "Treu, Auke"]
[Black "Moussa, Taleb"]
[WhiteElo "2000"]
[BlackElo "2389"]
[WhiteCountry "SUR"]
[BlackCountry "UAE"]
[Result "0-1"]

1. e4 c5 2. c3 d6 3. d4 cxd4 4. cxd4 Nf6 5. Nc3 e6 6. Nf3 Be7 7. Bd3 O-O 
8. Bg5 Nc6 9. e5 dxe5 10. dxe5 Nd5 11. Bxe7 Qxe7 12. Ne4 Nf4 13. O-O Rd8 
14. Nd6 Nxe5 15. Nxc8 Raxc8 16. Nxe5 Qg5 17. Qf3 Qxe5 18. Be4 b6 19. Rfe1 Qg5 
20. g3 Nd5 21. h4 Qf6 22. Qa3 Qe7 23. Qb3 Nf6 24. Bg2 g6 25. Re2 Nd7 
26. Rae1 Nc5 27. Qa3 a5 28. Kh2 Rd3 29. b3 Rd4 30. Qb2 Qd6 31. Be4 f5 
32. Bb1 Rxh4+ 33. Kg2 Qd5+ 34. f3 Rd4 35. Re5 Rd2+ 36. Kg1 Rxb2 37. g4 fxg4 
38. fxg4 Ne4 39. Rd1 Nc3 
0-1

[Event "34th Chess Olympiad (men)"]
[Site "Istanbul"]
[Date "2000.10.29"]
[Round "2.52.1"]
[White "Peralta, Eduardo"]
[Black "Wijesurija, G Laxman"]
[WhiteElo "2330"]
[BlackElo "2160"]
[WhiteCountry "PAR"]
[BlackCountry "SRI"]
[Result "1-0"]

1. d4 d5 2. Nf3 Nf6 3. c4 e6 4. g3 Nbd7 5. Bg2 c6 6. Qc2 Bd6 7. O-O O-O 
8. Nbd2 Bc7 9. b3 Qe7 10. Bb2 dxc4 11. bxc4 Re8 12. e3 Ne4 13. Qd1 Qc5 
14. Ne5 Bxe5 15. Qg4 Bf6 16. d5 cxd5 17. cxd5 Rf8 18. d6 Bd8 19. Rad1 g6 
20. Qxg6+ fxg6 21. Bf6 Nxd2 22. Rxd2 Rxf6 23. f4 Rxf4 24. Rd3 h5 25. gxf4 h4 
1-0

[Event "34th Chess Olympiad (men)"]
[Site "Istanbul"]
[Date "2000.10.29"]
[Round "2.52.2"]
[White "De Silva, Nuwan"]
[Black "Patriarca, Luis"]
[WhiteElo "2000"]
[BlackElo "2307"]
[WhiteCountry "SRI"]
[BlackCountry "PAR"]
[Result "1-0"]

1. d4 Nf6 2. c4 e6 3. Nc3 Bb4 4. e3 c5 5. Bd3 d5 6. Nf3 O-O 7. O-O cxd4 
8. exd4 dxc4 9. Bxc4 Bxc3 10. bxc3 Qc7 11. Qd3 Nbd7 12. Ba3 Re8 13. Rfe1 a6 
14. d5 Nb6 15. Bb3 exd5 16. Rxe8+ Nxe8 17. Re1 Nf6 18. Re7 Bd7 19. Ng5 Re8 
20. Qe3 Rf8 21. Bc5 h6 22. Bd4 Ng4 23. Qg3 Qd8 24. Qd6 Re8 25. Qg6 
1-0

[Event "34th Chess Olympiad (men)"]
[Site "Istanbul"]
[Date "2000.10.29"]
[Round "2.52.3"]
[White "Ferreira, Oscar"]
[Black "Fonseka, C.k.d"]
[WhiteElo "2266"]
[BlackElo "2000"]
[WhiteCountry "PAR"]
[BlackCountry "SRI"]
[Result "0-1"]

1. Nf3 Nf6 2. c4 g6 3. Nc3 Bg7 4. e4 d6 5. d4 O-O 6. h3 Nbd7 7. Bg5 c5 
8. d5 Qa5 9. Bd3 a6 10. a4 Rb8 11. O-O Re8 12. Re1 h6 13. Bh4 Nh5 14. Ra3 Ne5 
15. Bf1 Bd7 16. g4 Nf4 17. Bg3 Nxh3+ 18. Bxh3 Nxc4 19. Rb3 Nxb2 20. Qc2 Nxa4 
21. Nxa4 Bxa4 22. Qa2 b5 23. e5 dxe5 24. Rbe3 f6 25. Qb1 g5 26. Qg6 Qb6 
27. Nh4 f5 28. Qxf5 e6 29. dxe6 Rf8 30. Qg6 c4 31. Qh5 Qxe3 32. Rxe3 Bd1 
33. e7 Kh7 34. exf8Q 
0-1

[Event "34th Chess Olympiad (men)"]
[Site "Istanbul"]
[Date "2000.10.29"]
[Round "2.52.4"]
[White "De Silva, Nirosh"]
[Black "Sosa, Harrison Jorge"]
[WhiteElo "2162"]
[BlackElo "2256"]
[WhiteCountry "SRI"]
[BlackCountry "PAR"]
[Result "1-0"]

1. e4 c5 2. Nf3 Nf6 3. Nc3 d5 4. e5 d4 5. exf6 dxc3 6. bxc3 exf6 7. Bb5+ Bd7 
8. Bxd7+ Qxd7 9. O-O Be7 10. Re1 O-O 11. d4 cxd4 12. cxd4 Nc6 13. Bb2 Rac8 
14. c4 Na5 15. c5 b6 16. Bc3 Nb7 17. Qe2 Bd6 18. cxd6 Rxc3 19. Qe7 Qc8 
20. d7 Qb8 21. Rac1 Rxc1 22. Rxc1 h6 23. d5 Nc5 24. Nd4 Qd8 25. Nc6 Nxd7 
26. Rc2 Qxe7 27. Nxe7+ Kh7 28. Rc7 Nc5 29. Nc6 Re8 30. Kf1 a5 31. Rxf7 Nd3 
32. Re7 Rc8 33. g3 Nb4 34. Nxb4 axb4 35. Re4 Rc1+ 36. Ke2 Rc2+ 37. Kd3 Rc3+ 
38. Kd2 Rc5 39. Rd4 Ra5 40. d6 Rxa2+ 41. Kd3 Ra3+ 42. Kc2 Ra8 43. d7 Rd8 
44. Kb3 Kg6 45. Kxb4 Kf7 46. Kb5 Ke7 47. Kc6 Ra8 48. Kb7 Rd8 49. Kc7 f5 50. Rd1 
1-0

[Event "34th Chess Olympiad (men)"]
[Site "Istanbul"]
[Date "2000.10.29"]
[Round "2.53.1"]
[White "Lodhi, Mahmood"]
[Black "Bhowany, Harrynarain"]
[WhiteElo "2438"]
[BlackElo "2000"]
[WhiteCountry "PAK"]
[BlackCountry "MRI"]
[Result "1/2-1/2"]

1. d4 d5 2. Nf3 e6 3. g3 Nf6 4. Bg2 Be7 5. O-O O-O 6. c4 c5 7. cxd5 Nxd5 
8. e4 Nc7 9. Nc3 c4 10. d5 exd5 11. exd5 Bf6 12. Nd4 Be5 13. Be3 a6 14. Qh5 Qf6 
15. Rad1 g6 16. Qe2 Re8 17. Qxc4 b5 18. Qb3 Bd6 19. Bf3 Re4 20. Bxe4 Nd7 
21. Bg2 Ne5 22. Bf4 Bd7 23. Rfe1 Re8 24. h3 g5 25. Bc1 h5 26. Nf3 g4 
27. Bf4 gxf3 28. Bxf3 h4 29. Bg2 hxg3 30. Bxg3 Nf3+ 31. Bxf3 Qe7 32. Rxe7 Nxd5 
33. Kh2 Nf6 34. Rxf7 Bc6 35. Nxb5 axb5 36. Rg7+ 
1/2-1/2

[Event "34th Chess Olympiad (men)"]
[Site "Istanbul"]
[Date "2000.10.29"]
[Round "2.53.2"]
[White "Chinasamy, Devarajen"]
[Black "Gillani, Tunveer M D"]
[WhiteElo "2020"]
[BlackElo "2255"]
[WhiteCountry "MRI"]
[BlackCountry "PAK"]
[Result "0-1"]

1. e4 c5 2. Nf3 Nc6 3. d4 cxd4 4. Nxd4 e5 5. Nb5 a6 6. N5a3 Nf6 7. Bd3 d5 
8. exd5 Nxd5 9. O-O Be6 10. Bd2 Be7 11. Nc3 O-O 12. Nc4 Ndb4 13. Be2 Qd4 
14. Na3 Rad8 15. Be3 Qh4 16. Qe1 f5 17. f4 Qxe1 18. Rfxe1 e4 19. Red1 b5 
20. Rxd8 Rxd8 21. Kf2 Nd4 22. Bd1 Bf6 23. g4 g6 24. g5 Bg7 25. Rc1 Nbc6 
26. Nab1 b4 27. Na4 Bxa2 28. b3 Bxb1 29. Rxb1 Nb5 30. Be2 Ncd4 31. Bc4+ Kh8 
32. Rc1 Na3 33. c3 bxc3 34. Nxc3 Nxc4 35. bxc4 Rb8 36. Rb1 Rxb1 37. Nxb1 Nc6 
38. Ke2 Kg8 39. Kd2 Kf7 40. Bb6 Bd4 41. Bc7 Ke6 42. Nc3 Kd7 43. Nd5 Ne7 
44. Be5 Nxd5 45. Bxd4 Nxf4 46. Ke3 Ne6 47. Bf6 a5 48. h4 a4 49. Bb2 Kc6 
50. Ba3 Nc5 51. Kd4 Nb3+ 52. Ke3 Na1 53. Kd4 
0-1

[Event "34th Chess Olympiad (men)"]
[Site "Istanbul"]
[Date "2000.10.29"]
[Round "2.53.3"]
[White "Amer, Karim"]
[Black "Seegolam, Pradeep"]
[WhiteElo "2240"]
[BlackElo "2000"]
[WhiteCountry "PAK"]
[BlackCountry "MRI"]
[Result "1-0"]

1. d4 d5 2. c4 c6 3. Nc3 Nf6 4. Nf3 e6 5. Bg5 Nbd7 6. e3 Be7 7. Bd3 dxc4 
8. Bxc4 b5 9. Bd3 Bb7 10. O-O h6 11. Bh4 O-O 12. Rc1 a6 13. Qe2 Re8 14. Rfd1 g5 
15. Bg3 Nh5 16. Ne4 f5 17. Ne5 Nxg3 18. Nxg3 Nxe5 19. dxe5 Qc7 20. Qh5 Kg7 
21. Bxf5 Bf8 22. Qg6+ Kh8 23. Be4 c5 24. Bxb7 Qxb7 25. Nh5 Qh7 26. Qxh7+ Kxh7 
27. Nf6+ Kg6 28. Nxe8 Rxe8 29. g4 Rc8 30. Rd7 c4 31. Rcd1 b4 32. Rd8 Rxd8 
33. Rxd8 Bg7 34. f4 h5 35. h3 Bh6 36. f5+ exf5 37. Rd6+ Kh7 38. gxf5 g4 
39. Rd7+ Kg8 40. hxg4 Bxe3+ 41. Kg2 hxg4 42. e6 Bg5 43. Rc7 Bf6 44. Rxc4 Bxb2 
45. Rc8+ 
1-0

[Event "34th Chess Olympiad (men)"]
[Site "Istanbul"]
[Date "2000.10.29"]
[Round "2.53.4"]
[White "Marie, Patrik"]
[Black "Waqar, Mohamed"]
[WhiteElo "2000"]
[BlackElo "2208"]
[WhiteCountry "MRI"]
[BlackCountry "PAK"]
[Result "0-1"]

1. e4 c5 2. Nf3 d6 3. d4 cxd4 4. Nxd4 Nf6 5. Nc3 g6 6. Be3 Bg7 7. Bc4 O-O 
8. f3 Nc6 9. Qd2 Ne5 10. Bb3 Bd7 11. O-O Rc8 12. Kh1 Rc5 13. Bc4 Rxc4 
14. Nce2 b5 15. Bh6 Bxh6 16. Qxh6 Rxc2 17. Nb3 Nh5 18. Kg1 Rd2 19. Nf4 Rxg2+ 
20. Kxg2 Nxf4+ 21. Kh1 Bh3 22. Rfc1 d5 23. exd5 Re8 24. Rc2 Qxd5 25. Rd2 Qc4 
26. Rc1 Qb4 27. Rd4 Qxb3 28. axb3 
0-1

[Event "34th Chess Olympiad (men)"]
[Site "Istanbul"]
[Date "2000.10.29"]
[Round "2.54.1"]
[White "Battin, Richard"]
[Black "Al, Hadarani Hatim"]
[WhiteElo "2020"]
[BlackElo "2374"]
[WhiteCountry "SEY"]
[BlackCountry "YEM"]
[Result "0-1"]

1. e4 c5 2. Nf3 a6 3. c3 e6 4. d4 d5 5. e5 Nc6 6. Bd3 Bd7 7. Bf4 Qb6 
8. Qd2 cxd4 9. cxd4 Bb4 10. Nc3 Qxd4 11. a3 Bxa3 12. bxa3 Qc5 13. Be3 Nce7 
14. O-O Qc7 15. Rac1 Rc8 16. Bb5 Bxb5 17. Qd3 Nf5 18. Qb1 h5 19. Qb2 Qc4 
20. Qd2 Qa4 21. Ra1 Rc4 22. g3 a5 23. Qb2 Rc8 24. Rad1 Qc4 25. Rd3 Qc6 
26. Rb1 Rb8 27. Qc2 g6 28. Rb2 Rc8 29. Rb4 axb4 30. Qe2 Qc7 
0-1

[Event "34th Chess Olympiad (men)"]
[Site "Istanbul"]
[Date "2000.10.29"]
[Round "2.54.2"]
[White "Al Badani, Abdo"]
[Black "Constance, Ryan"]
[WhiteElo "2000"]
[BlackElo "2000"]
[WhiteCountry "YEM"]
[BlackCountry "SEY"]
[Result "1-0"]

1. e4 e5 2. Nf3 Nc6 3. Bb5 d6 4. d4 a6 5. Bxc6+ bxc6 6. dxe5 Qe7 7. Qd4 dxe5 
8. Qxe5 Qxe5 9. Nxe5 Bb7 10. O-O Bd6 11. Nc4 Ne7 12. Be3 c5 13. e5 Bd5 
14. Nbd2 Nf5 15. exd6 cxd6 16. Nb6 Rb8 17. Nxd5 Rxb2 18. Rab1 Rxb1 19. Rxb1 O-O 
20. g4 g6 21. g5 Re8 22. Nf6+ Kf8 23. Nxe8 Kxe8 24. Rb7 f6 25. gxf6 d5 
26. Nf3 d4 27. Ne5 
1-0

[Event "34th Chess Olympiad (men)"]
[Site "Istanbul"]
[Date "2000.10.29"]
[Round "2.54.3"]
[White "Renaud, Kenny"]
[Black "Al Kadhi, Hameed"]
[WhiteElo "2000"]
[BlackElo "2335"]
[WhiteCountry "SEY"]
[BlackCountry "YEM"]
[Result "0-1"]

1. e4 c5 2. Nf3 e6 3. c4 Nc6 4. Nc3 Nd4 5. d3 d6 6. Be2 Ne7 7. e5 dxe5 
8. Be3 Ndf5 9. O-O a6 10. Qc2 Qd6 11. Na4 Rb8 12. Qb3 Bd7 13. Rad1 Qc7 
14. h3 b6 15. Rfe1 b5 16. cxb5 Qd6 17. Qxe6 fxe6 18. Ra1 e4 19. Nh2 Qxh2+ 
20. Kf1 Qh1# 
0-1

[Event "34th Chess Olympiad (men)"]
[Site "Istanbul"]
[Date "2000.10.29"]
[Round "2.54.4"]
[White "Al-Zendani, Zendan"]
[Black "Pothin, Victor"]
[WhiteElo "2224"]
[BlackElo "2000"]
[WhiteCountry "YEM"]
[BlackCountry "SEY"]
[Result "1-0"]

1. e4 c5 2. Nc3 Nc6 3. f4 e5 4. Nf3 d6 5. Bc4 Nd4 6. fxe5 Nxf3+ 7. Qxf3 f6 
8. exd6 Bxd6 9. Qh5+ g6 10. Qd5 Qe7 11. d3 h6 12. Be3 Rb8 13. Nb5 Kd7 
14. Bxc5 Qe5 15. Bxd6 Qxd5 16. Bxd5 Ra8 17. e5 fxe5 18. O-O Ne7 19. Rf7 Re8 
20. Bxe5 a5 21. Nc7 Kd8 22. Nxa8 Nxd5 23. d4 Bd7 24. c4 Ne3 25. Nb6 
1-0

[Event "34th Chess Olympiad (men)"]
[Site "Istanbul"]
[Date "2000.10.29"]
[Round "2.55.1"]
[White "Carrera, Alhan"]
[Black "Matthews, Shane"]
[WhiteElo "2135"]
[BlackElo "2258"]
[WhiteCountry "PAN"]
[BlackCountry "JAM"]
[Result "0-1"]

1. e4 c5 2. Nc3 Nc6 3. Nf3 e6 4. d4 cxd4 5. Nxd4 Nf6 6. Bg5 Qa5 7. Bxf6 gxf6 
8. Nb5 Bc5 9. Nd6+ Ke7 10. Nc4 Qc7 11. Qh5 Bb4 12. Bd3 Ne5 13. Nxe5 Qxc3+ 
14. Ke2 Qxe5 15. Qh4 Qg5 16. Qxg5 fxg5 17. h4 g4 18. a4 d6 19. a5 Bd7 
20. Rab1 Bc6 21. Ke3 h6 22. g3 Rac8 23. Kf4 Rc7 24. Ke3 Rg8 25. c4 e5 
26. Be2 Rd8 27. f3 h5 28. Rbg1 gxf3 29. Bxf3 Rg8 30. Bxh5 f5 31. Bd1 Bd5 
32. Kf2 Bc6 33. Bb3 Kf6 34. Bd1 Rg4 35. Be2 Rcg7 36. exf5 Rd4 37. Bd1 Kxf5 
38. Bc2+ e4 39. Ke3 Rg5 40. Rd1 Rxd1 41. Rxd1 Ke5 42. Rxd6 Bd2+ 43. Kxd2 Rg4 
44. Ke1 
0-1

[Event "34th Chess Olympiad (men)"]
[Site "Istanbul"]
[Date "2000.10.29"]
[Round "2.55.3"]
[White "Gardellini, Arnulfo"]
[Black "Elliott, Warren"]
[WhiteElo "2000"]
[BlackElo "2196"]
[WhiteCountry "PAN"]
[BlackCountry "JAM"]
[Result "0-1"]

1. d4 Nf6 2. c4 c5 3. d5 b5 4. cxb5 a6 5. b6 e6 6. Nc3 Nxd5 7. Nxd5 exd5 
8. Qxd5 Nc6 9. Nf3 Rb8 10. Ne5 Qf6 11. Nxc6 dxc6 12. Qe4+ Be7 13. h4 Bf5 
14. Qa4 Rxb6 15. e4 Rb4 16. Qxa6 Rxe4+ 17. Be2 O-O 18. O-O Rxh4 19. Bf3 Bd6 
20. g3 Bh3 21. Qxc6 Rc8 22. Qb7 Rb4 23. Qd5 Bxf1 24. Kxf1 Be5 25. Bg5 Qxg5 
26. Re1 Bf6 27. Qd7 Rbb8 28. Bd5 Rf8 29. Qc7 Qxd5 
0-1

[Event "34th Chess Olympiad (men)"]
[Site "Istanbul"]
[Date "2000.10.29"]
[Round "2.55.4"]
[White "Rowe, Duane"]
[Black "Miranda, Adrian"]
[WhiteElo "2000"]
[BlackElo "2000"]
[WhiteCountry "JAM"]
[BlackCountry "PAN"]
[Result "1-0"]

1. e4 c5 2. Nf3 e6 3. d4 cxd4 4. Nxd4 a6 5. Bd3 Nc6 6. Nxc6 bxc6 7. O-O d5 
8. e5 Qc7 9. Qe2 Ne7 10. Nd2 Ng6 11. f4 Bc5+ 12. Kh1 Be7 13. c3 c5 14. Qh5 Bb7 
15. Nf3 O-O-O 16. b4 c4 17. Bc2 f6 18. Nd4 Nf8 19. Qf7 fxe5 20. fxe5 Bh4 
21. Qh5 Be7 22. Rf7 g6 23. Qh3 Qd7 24. Bg5 Re8 25. Raf1 Qd8 26. Nxe6 Qd7 
27. Bxe7 Nxe6 28. Bd6 Qc6 29. Rc7+ Kb8 30. Rff7 Qa4 31. Bxa4 Ng5 32. Qd7 Bc6 
33. Bxc6 
1-0

[Event "34th Chess Olympiad (men)"]
[Site "Istanbul"]
[Date "2000.10.29"]
[Round "2.56.1"]
[White "Nsubuga, Grace"]
[Black "Ndlovu, Ignatious"]
[WhiteElo "2259"]
[BlackElo "2000"]
[WhiteCountry "UGA"]
[BlackCountry "BOT"]
[Result "1/2-1/2"]

1. e4 Nf6 2. e5 Nd5 3. c4 Nb6 4. d4 d6 5. f4 dxe5 6. fxe5 Nc6 7. Be3 Bf5 
8. Nf3 e6 9. a3 Be7 10. Be2 O-O 11. O-O Bf6 12. Nc3 Qe7 13. Qb3 Rad8 
14. Rad1 Kh8 15. Kh1 Bg4 16. Nb5 Bxf3 17. Bxf3 Na5 18. d5 exd5 19. cxd5 Nac4 
20. Bc5 a6 21. Bxb6 axb5 22. Rfe1 b4 23. Kg1 Kg8 24. Rb1 Rxd5 25. Bxd5 
1/2-1/2

[Event "34th Chess Olympiad (men)"]
[Site "Istanbul"]
[Date "2000.10.29"]
[Round "2.56.2"]
[White "Molale, Ojentse"]
[Black "Opio, Steven"]
[WhiteElo "2104"]
[BlackElo "2185"]
[WhiteCountry "BOT"]
[BlackCountry "UGA"]
[Result "0-1"]

1. d4 d5 2. c4 e6 3. Nc3 Nf6 4. cxd5 exd5 5. Bg5 Nbd7 6. e3 Be7 7. Bd3 c6 
8. Qc2 O-O 9. Nge2 Re8 10. O-O h6 11. Bh4 Nh5 12. Bxe7 Qxe7 13. Rab1 a5 
14. a3 Nhf6 15. b4 axb4 16. axb4 b5 17. Ng3 Nb6 18. Nce4 Bd7 19. Nc5 Be6 
20. Rfe1 Qd6 21. Nxe6 Rxe6 22. Red1 Qf8 23. Nf5 Ra4 24. Qc5 Rxb4 25. Qxd5 Nbxd5 
26. Bc4 Rxc4 27. Rdc1 Nc3 28. Nd6 Rxd6 29. Ra1 Kh7 30. Re1 Rdxd4 31. h4 b4 
32. g3 Rxh4 33. e4 Rhxe4 34. Rxe4 Ncd5 35. Ra7 Rc5 36. Rxf7 Rb5 37. Kf1 c5 
38. Rxb4 cxb4 
0-1

[Event "34th Chess Olympiad (men)"]
[Site "Istanbul"]
[Date "2000.10.29"]
[Round "2.56.3"]
[White "Bibasa, Bob"]
[Black "Samuel, Boipuso"]
[WhiteElo "2226"]
[BlackElo "2117"]
[WhiteCountry "UGA"]
[BlackCountry "BOT"]
[Result "0-1"]

1. e4 c5 2. Nf3 Nc6 3. g3 g6 4. Bg2 Bg7 5. O-O e6 6. d3 Nge7 7. c3 O-O 
8. Re1 Qa5 9. Nbd2 d5 10. a4 Qa6 11. Bf1 Qb6 12. exd5 exd5 13. a5 Qd8 
14. Nb3 d4 15. c4 b6 16. Bg5 Be6 17. Bg2 Rc8 18. Qd2 Qd7 19. axb6 axb6 
20. Bxe7 Nxe7 21. Qc2 b5 22. Nbd2 Nc6 23. Rac1 Nb4 24. Qb1 Bh6 25. Ne4 Qd8 
26. Ned2 Bxc4 27. Nxc4 Qc7 28. Nfe5 Bg7 29. f4 f6 30. Ng4 Rfe8 31. Nf2 f5 
32. Rf1 Kf8 33. Bf3 Re6 34. h4 Rce8 35. Rce1 Qe7 36. Kg2 Rd8 37. Bd5 Kg8 
38. Nh3 Bf6 39. Nf2 Kg7 40. Bb7 Qc7 41. Nh3 Qe7 42. Nf2 Rxe1 43. Na3 Qe2 
44. Nc4 Kh6 45. Kh2 Kg7 46. Kg2 
0-1

[Event "34th Chess Olympiad (men)"]
[Site "Istanbul"]
[Date "2000.10.29"]
[Round "2.56.4"]
[White "Pitlagano, Tebogo"]
[Black "Kakooza, Kenneth"]
[WhiteElo "2000"]
[BlackElo "2200"]
[WhiteCountry "BOT"]
[BlackCountry "UGA"]
[Result "1/2-1/2"]

1. e4 c5 2. Nc3 e6 3. g3 g6 4. Bg2 Bg7 5. d3 d6 6. Be3 Nc6 7. f4 Nge7 8. Nf3 b6 
9. O-O Bb7 10. Qd2 O-O 11. h3 Qd7 12. Nd1 Nd4 13. c3 Nxf3+ 14. Bxf3 d5 
15. Qg2 d4 16. cxd4 Bxd4 17. Qd2 Rad8 18. Nf2 Ba6 19. Rad1 Bxe3 20. Qxe3 Qd4 
21. Qxd4 Rxd4 22. Rfe1 Rfd8 23. Re3 Ra4 24. a3 Rad4 25. Be2 f5 26. Kg2 Bb7 
27. Bf3 Kf7 28. Rde1 R8d7 29. g4 Ba6 30. Be2 h6 31. Kg3 g5 32. gxf5 exf5 
33. fxg5 hxg5 34. Rf3 Kg6 35. exf5+ Nxf5+ 36. Rxf5 Kxf5 37. Bg4+ Kg6 
38. Bxd7 Rxd7 39. Re3 Kh5 40. Rf3 Rd6 41. Re3 Bb5 42. Re5 Rd4 43. b4 Bxd3 
44. Rxc5 Bf1 45. Rc1 Bb5 46. Rc3 a6 47. Re3 Rd6 
1/2-1/2

[Event "34th Chess Olympiad (men)"]
[Site "Istanbul"]
[Date "2000.10.29"]
[Round "2.57.1"]
[White "Luga, Allan"]
[Black "Cave, Christo"]
[WhiteElo "2000"]
[BlackElo "2296"]
[WhiteCountry "PNG"]
[BlackCountry "TRI"]
[Result "0-1"]

1. e4 e6 2. Nf3 d5 3. exd5 exd5 4. d4 Nf6 5. Nc3 Bd6 6. h3 O-O 7. Be2 c6 
8. O-O Bf5 9. Bg5 Nbd7 10. Nh4 Bg6 11. Nxg6 fxg6 12. Bf3 Qc7 13. Re1 h6 
14. Bxf6 Nxf6 15. Qd3 Qf7 16. b3 Nh7 17. Re2 Qf4 18. Bxd5+ cxd5 19. g3 Qf7 
20. Nb5 Rad8 21. Nxa7 Ng5 22. Kg2 Qd7 23. Rh1 Rf6 24. Nb5 Rf3 25. Qxg6 Qxb5 
26. Rhe1 Rf6 27. Qh5 Nf3 28. Re8+ Bf8 29. R1e6 Rxe8 30. Rxe8 g6 31. Rxf8+ Kxf8 
32. Qxh6+ Kg8 33. g4 Qe2 34. g5 Ne1+ 35. Kh1 Qf3+ 
0-1

[Event "34th Chess Olympiad (men)"]
[Site "Istanbul"]
[Date "2000.10.29"]
[Round "2.57.2"]
[White "Merrit, Mario"]
[Black "Press, Shaun"]
[WhiteElo "2159"]
[BlackElo "2000"]
[WhiteCountry "TRI"]
[BlackCountry "PNG"]
[Result "1-0"]

1. c4 Nf6 2. Nc3 g6 3. e4 d6 4. g3 Bg7 5. Bg2 O-O 6. Nge2 e5 7. O-O Nc6 
8. d3 Ne7 9. f4 c6 10. h3 Ne8 11. Be3 f5 12. Qb3 Kh8 13. Rad1 Qc7 14. Kh2 Be6 
15. d4 b5 16. d5 bxc4 17. Qxc4 cxd5 18. Qxc7 Nxc7 19. exd5 Bc8 20. fxe5 Bxe5 
21. Bd4 Bxd4 22. Nxd4 Ba6 23. Rfe1 Rfe8 24. Nc6 Ng8 25. Rxe8 Nxe8 26. b4 Nc7 
27. a4 Nf6 28. b5 Bb7 29. Re1 Bxc6 30. dxc6 Re8 31. Rxe8+ Ncxe8 32. a5 
1-0

[Event "34th Chess Olympiad (men)"]
[Site "Istanbul"]
[Date "2000.10.29"]
[Round "2.57.3"]
[White "Albis, Jeppers"]
[Black "Harper, Ryan"]
[WhiteElo "2000"]
[BlackElo "2122"]
[WhiteCountry "PNG"]
[BlackCountry "TRI"]
[Result "1/2-1/2"]

1. d4 Nf6 2. c4 g6 3. Nc3 Bg7 4. e4 d6 5. Nf3 O-O 6. Be2 e5 7. O-O Nc6 
8. d5 Ne7 9. Bg5 h6 10. Bxf6 Bxf6 11. h3 Bg7 12. Nh2 f5 13. Qd2 h5 
14. exf5 Nxf5 15. Ne4 Bh6 16. Qd3 Nd4 17. Bd1 Kh8 18. Nf3 Nxf3+ 19. Bxf3 Bf5 
20. g4 hxg4 21. hxg4 Qh4 22. Kg2 Bxg4 23. Rh1 Bxf3+ 24. Qxf3 Qxh1+ 
25. Rxh1 Rxf3 26. Kxf3 Kg7 27. c5 Bf4 28. Rd1 dxc5 29. Nxc5 Kf7 30. Ke4 Ke7 
31. b3 Rb8 32. b4 Kd6 33. Rh1 a5 34. a3 axb4 35. axb4 c6 36. Rd1 b6 37. Na6 Rh8 
38. dxc6+ Kxc6 39. Rd5 Rh7 40. b5+ Kb7 41. Rd6 Rh2 42. Rxg6 Rxf2 43. Rg7+ Kc8 
44. Kd5 Rc2 45. Rf7 Bh2 
1/2-1/2

[Event "34th Chess Olympiad (men)"]
[Site "Istanbul"]
[Date "2000.10.29"]
[Round "2.57.4"]
[White "Yee, Frank"]
[Black "Marko, Helmut"]
[WhiteElo "2169"]
[BlackElo "2205"]
[WhiteCountry "TRI"]
[BlackCountry "PNG"]
[Result "1/2-1/2"]

1. e4 d6 2. d4 Nf6 3. Nc3 g6 4. Be2 Bg7 5. Nf3 O-O 6. h3 c5 7. O-O b6 
8. Bg5 Bb7 9. d5 a6 10. a4 Nbd7 11. Qd2 Ne8 12. Bh6 Ne5 13. Bxg7 Nxf3+ 
14. Bxf3 Kxg7 15. g3 Nc7 16. Bg2 b5 17. f4 b4 18. Ne2 f6 19. Kh2 a5 20. c4 
1/2-1/2

[Event "34th Chess Olympiad (men)"]
[Site "Istanbul"]
[Date "2000.10.29"]
[Round "2.58.1"]
[White "Righi, Ezio"]
[Black "Camilleri, Henry"]
[WhiteElo "2118"]
[BlackElo "2156"]
[WhiteCountry "SMR"]
[BlackCountry "MLT"]
[Result "0-1"]

1. d4 e6 2. Nf3 Nf6 3. Bg5 d5 4. e3 b6 5. Nbd2 Be7 6. Ne5 Nfd7 7. Bxe7 Qxe7 
8. Nxd7 Nxd7 9. Bd3 O-O 10. c3 e5 11. Qb3 c6 12. O-O-O a5 13. e4 a4 14. Qc2 Ba6 
15. exd5 Bxd3 16. Qxd3 cxd5 17. dxe5 Nxe5 18. Qe3 a3 19. b3 Qf6 20. Rhe1 Ng4 
21. Qg3 Rfc8 22. Nb1 Nxf2 23. Rf1 Qh6+ 24. Kc2 Nxd1 25. Rxd1 Qe6 26. Rd4 Qf5+ 
27. Rd3 Rd8 28. b4 Ra7 29. Kb3 f6 30. Nxa3 Rda8 31. Nb5 Rxa2 32. Rxd5 Rxg2 
33. Rd6 Rb8 34. Kc4 Re8 35. Nc7 Rc8 36. Rd7 Rxc7+ 37. Kd4 
0-1

[Event "34th Chess Olympiad (men)"]
[Site "Istanbul"]
[Date "2000.10.29"]
[Round "2.58.2"]
[White "Borg, Andrew"]
[Black "Volpinari, Danilo"]
[WhiteElo "2132"]
[BlackElo "2084"]
[WhiteCountry "MLT"]
[BlackCountry "SMR"]
[Result "1-0"]

1. d4 d5 2. c4 e6 3. Nc3 c6 4. Nf3 dxc4 5. a4 Bb4 6. e3 b5 7. Bd2 a5 
8. axb5 Bxc3 9. Bxc3 cxb5 10. b3 Bb7 11. d5 Nf6 12. bxc4 b4 13. Bxf6 Qxf6 
14. Qa4+ Nd7 15. Nd4 e5 16. Nb3 Ke7 17. Be2 Rhb8 18. Rd1 Qd6 19. O-O g6 
20. f4 Re8 21. fxe5 Rec8 22. Nc5 Qxc5 
1-0